Southville International School and Colleges
Your cart is empty.
  • Cart
  • Lists
    Public lists Eva Luna New books Lux_list list_1
    Your lists Log in to create your own lists
  • Log in to your account
  • Your cookies
  • Search history
Southville International School and Colleges
  • Advanced search
  • Recent comments
  • Most popular
  • Libraries

Log in to your account

Log in with GOOGLE


If you do not have an external account, but do have a local account, you can still log in:

  1. Home
  2. MARC view: 12 smart choices for finding the right guy /
Normal view MARC view ISBD view

12 smart choices for finding the right guy / (Record no. 329562)

[ view plain ]
MARC details
000 -LEADER
fixed length control field 01164cam a2200313 i 4500
001 - CONTROL NUMBER
control field 18315835
003 - CONTROL NUMBER IDENTIFIER
control field SISC
005 - DATE AND TIME OF LATEST TRANSACTION
control field 20170517162953.0
008 - FIXED-LENGTH DATA ELEMENTS--GENERAL INFORMATION
fixed length control field 140925s2015 oru b 000 0 eng
010 ## - LIBRARY OF CONGRESS CONTROL NUMBER
LC control number 2014020268
020 ## - INTERNATIONAL STANDARD BOOK NUMBER
International Standard Book Number 9780736949408 (pbk.)
040 ## - CATALOGING SOURCE
Original cataloging agency DLC
Language of cataloging eng
Transcribing agency DLC
Description conventions rda
Modifying agency DLC
042 ## - AUTHENTICATION CODE
Authentication code pcc
050 00 - LIBRARY OF CONGRESS CALL NUMBER
Classification number BT 705.8
Item number .Sh525 2015
082 00 - DEWEY DECIMAL CLASSIFICATION NUMBER
Classification number 241/.6765
100 1# - MAIN ENTRY--PERSONAL NAME
Personal name Shaffer, Georgia.
240 10 - UNIFORM TITLE
Uniform title <a href="How not to date a loser">How not to date a loser</a>
245 10 - TITLE STATEMENT
Title 12 smart choices for finding the right guy /
Statement of responsibility, etc Georgia Shaffer.
246 3# - VARYING FORM OF TITLE
Title proper/short title Twelve smart choices for finding the right guy
260 ## - PUBLICATION, DISTRIBUTION, ETC. (IMPRINT)
Place of publication, distribution, etc Oregon :
Name of publisher, distributor, etc Harvest House Publishers,
Date of publication, distribution, etc 2015.
300 ## - PHYSICAL DESCRIPTION
Extent 191 pages ;
Dimensions 21 cm.
500 ## - GENERAL NOTE
General note Includes bibliographical references.
650 #0 - SUBJECT ADDED ENTRY--TOPICAL TERM
Topical term or geographic name as entry element Mate selection
General subdivision Religious aspects
-- Christianity.
650 #0 - SUBJECT ADDED ENTRY--TOPICAL TERM
Topical term or geographic name as entry element Man-woman relationships
General subdivision Religious aspects
-- Christianity.
650 #0 - SUBJECT ADDED ENTRY--TOPICAL TERM
Topical term or geographic name as entry element Dating (Social customs)
General subdivision Religious aspects
-- Christianity.
906 ## - LOCAL DATA ELEMENT F, LDF (RLIN)
a 7
b cbc
c orignew
d 1
e ecip
f 20
g y-gencatlg
942 ## - ADDED ENTRY ELEMENTS (KOHA)
Source of classification or shelving scheme Library of Congress Classification
Koha item type Books
Holdings
Withdrawn status Lost status Source of classification or shelving scheme Damaged status Home library Current library Shelving location Date acquired Source of acquisition Total Checkouts Total Renewals Full call number Barcode Date last seen Date checked out Price effective from Koha item type
    Library of Congress Classification   College Library College Library Reserve Section 04/24/2017 Donation 2 39 BT 705.8 .Sh525 2015 C20869 05/15/2018 01/18/2018 04/24/2017 Books

12 smart choices for finding the right guy /

APA

Shaffer G., . (2015). 12 smart choices for finding the right guy. Oregon: Harvest House Publishers.

Chicago

Shaffer Georgia, . 2015. 12 smart choices for finding the right guy. Oregon: Harvest House Publishers.

Harvard

Shaffer G., . (2015). 12 smart choices for finding the right guy. Oregon: Harvest House Publishers.

MLA

Shaffer Georgia, . 12 smart choices for finding the right guy. Oregon: Harvest House Publishers. 2015.

  • Place hold
  • Print
  • Cite
  • Add to your cart (remove)
  • Save record
    BIBTEX Dublin Core MARCXML MARC (non-Unicode/MARC-8) MARC (Unicode/UTF-8) MARC (Unicode/UTF-8, Standard) MODS (XML) RIS
  • More searches
    Search for this title in:
    Other Libraries (WorldCat) Other Databases (Google Scholar) Online Stores (Bookfinder.com) Open Library (openlibrary.org)

Exporting to Dublin Core...

SOUTHVILLE LIBRARY

Southville International School and Colleges Library

1281 Tropical Ave. Cor. Luxembourg St., BF Homes International, Las Pinas City

Tel. No. 8256374 / 252358 Loc. 117/146

Powered by Koha